| 000 | 00339nmm a2200145 a 4500 | ||
|---|---|---|---|
| 003 | AR-BaBNM | ||
| 005 | 20251128203147.0 | ||
| 008 | 073119s1942 ||||||||||||||000 | spa|| | ||
| 040 | _cAR-BaBNM | ||
| 100 | 1 | _aFreitas, Newton | |
| 245 | 1 | 0 |
_aAlôs _bafro-brasileños |
| 260 |
_a[S.l.] _bEmecé _c1942 |
||
| 942 | _cBK | ||
| 998 | _cMATO MOURAZOS | ||
| 999 |
_c2175 _d2175 |
||